000 00555nam a2200181Ia 4500
008 090124s9999 xx 000 0 und d
082 _b122513
100 _aक्षेत्रमाडे सुमती
245 _a सिंधुदुर्ग
250 _a1
260 _c1988
300 _a172
600 _aक्षेत्रमाडे सुमती
630 _a सिंधुदुर्ग
700 _aक्षेत्रमाडे सुमती
730 _a सिंधुदुर्ग
942 _cBOOK
999 _c168599
_d168599